|
|
|
|
| LEADER |
00000nam0a2200000 4500 |
| 001 |
17864 |
| 005 |
20231030191056.0 |
| 010 |
|
|
|a 5869800455
|
| 035 |
|
|
|a (RuTPU)RU\TPU\book\18012
|
| 035 |
|
|
|a BOOK00002700
|
| 090 |
|
|
|a 17864
|
| 100 |
|
|
|a 20011209d1994 km y0rusy50 ca
|
| 101 |
0 |
|
|a rus
|
| 102 |
|
|
|a RU
|
| 105 |
|
|
|a y e 000zy
|
| 200 |
1 |
|
|a Рынок: Бизнес. Коммерция. Экономика
|e толковый терминологический словарь
|f сост. В. А. Калашников; под общ. ред. Л. П. Дашкова
|
| 205 |
|
|
|a 2-е изд., испр. и доп.
|
| 210 |
|
|
|a Москва
|c Маркетинг
|d 1994
|
| 215 |
|
|
|a 136 с.
|
| 225 |
1 |
|
|a Библиотека делового человека
|
| 610 |
1 |
|
|a экономика
|
| 610 |
1 |
|
|a экономика
|
| 610 |
1 |
|
|a коммерция
|
| 610 |
1 |
|
|a справочные издания
|
| 610 |
1 |
|
|a терминологические словари
|
| 686 |
|
|
|a У9(2)0я2
|v LBC/SL-A
|2 rubbk
|
| 702 |
|
1 |
|a Калашников
|b В. А.
|4 220
|
| 702 |
|
1 |
|a Дашков
|b Л. П.
|4 340
|
| 801 |
|
0 |
|a RU
|b 63413507
|c 20011209
|g PSBO
|
| 801 |
|
2 |
|a RU
|b 63413507
|c 20210115
|g PSBO
|
| 942 |
|
|
|c BK
|